| 000 | 01044cam a22003258i 4500 | ||
|---|---|---|---|
| 999 |
_c4621 _d4621 |
||
| 001 | 18705429 | ||
| 003 | GZU | ||
| 005 | 20210317090100.0 | ||
| 008 | 150717s2016 enk b 001 0 eng | ||
| 010 | _a 2015028162 | ||
| 020 | _a9781107079144 (hardback) | ||
| 035 | _a(DNLM)101663772 | ||
| 040 |
_aDNLM/DLC _cDLC _erda |
||
| 042 | _apcc | ||
| 050 | 0 | 0 |
_aRC480.5 _bSEL 2016 |
| 245 | 0 | 4 |
_aThe self in understanding and treating psychological disorders / _cedited by Michael Kyrios [and five others]. |
| 263 | _a1512 | ||
| 264 | 1 |
_aCambridge, United Kingdom : _bCambridge University Press, _c2016. |
|
| 300 |
_axi, 241p. : _ccm. |
||
| 336 |
_atext _2rdacontent |
||
| 337 |
_aunmediated _2rdamedia |
||
| 338 |
_avolume _2rdacarrier |
||
| 504 | _aIncludes bibliographical references and index. | ||
| 650 | 1 | 2 |
_aMental Disorders _xtherapy. |
| 650 | 1 | 2 | _aSelf Concept. |
| 650 | 2 | 2 | _aEvidence-Based Medicine. |
| 700 | 1 |
_aKyrios, Michael, _eeditor. |
|
| 906 |
_a7 _bcbc _corignew _d1 _eecip _f20 _gy-gencatlg |
||
| 942 |
_2lcc _cBK _h480.5 _iSEL _kRC |
||